000
00336cam a2200157ua 4500
001
1224
008
121109n II |||gr||||Z||||||asm
040
_a
MAIN
041
_a
English
082
_a
900 DAS
100
_a
DAS, BHUBAN MOHAN.
245
_a
MANABAR ADI KATHA
300
_c
20CM.
653
_a
History & geography
942
_c
BK
999
_c
1223
_d
1223